000 00578nam a2200217Ia 4500
003 OSt
005 20220928145142.0
006 a|||||r|||| 00| 0
007 ta
008 220927b |||||||| |||| 00| 0 eng d
024 _a79233
037 _cTextual
040 _aSDCL
_cSDCL
_beng
041 _2eng
_aeng
082 _aX:51, N9 RR
100 _aDickson Tim
_9511966
245 0 _aMastering marketing
_b The complete MBA companion in marketing.
260 _c1999
942 _hX:51, N9 RR
_cTEXL
_2CC
999 _c832349
_d832349